| 000 | 00479nam a2200169 a 4500 | ||
|---|---|---|---|
| 001 | 000032006 | ||
| 003 | DO-SdBNP | ||
| 005 | 20240625084923.0 | ||
| 007 | 000032006 | ||
| 008 | 110707s 1994 dr 000 0 spa d | ||
| 040 |
_aBPMSU _bspa _cBPMSU |
||
| 245 | 0 | 0 |
_aHomenaje postumo : _bRafael Herrera y la Feria Nacional del Libro. |
| 260 |
_a[Santo Domingo] : _bFeria Nacional del Libro, _c1994 |
||
| 300 |
_a38 p. ; _c21 cm. |
||
| 942 |
_2ddc _cBK |
||
| 945 | _ainventariado, 2018 / dg | ||
| 999 |
_c7533 _d7533 |
||